000 00410nam a2200181Ia 4500
001 4259
005 20260306145742.0
008 260306t2011||||xx |||||||||||||| ||spa||
041 _aESP
082 _a320.1
_bG84
100 _aGuardini, Romano
_eAUT
245 0 _aEscritos políticos
260 _c2011
300 _a412 páginas :
_c21 cm.
650 _aGEN
654 _aCDE
942 _cLIB
_dJUS
_fJUS
_2ddc
_n
999 _c4259
_d4259